000 00978nam a22003737a 4500
999 _c3980
_d234484
020 _a9509072974
080 _a347.919 H 43
100 _aHernàndez, Hernando
245 _aTratado de la Ejecuciòn
260 _aBuenos Aires
_bUniversidad
_c1991
300 _aT 1: 485 P ; T 2: 501 P.
650 _xsubasta
650 _xsentencia de remate
650 _xrecurso extraordinario
650 _xembargo
650 _xembargo de dinero
650 _xmartillero
650 _xboleto de compraventa
650 _xescrituracion
650 _xliquidacion
650 _xfianza
650 _xpago
650 _xejecucion hipotecaria
650 _xtitulo ejecutivo
650 _xinhabilidad de titulo
650 _xIura novit curia
650 _xprenda con registro
650 _xobligaciones en moneda extranjera
650 _xmora
650 _xejecucion de cheques
650 _xexcepcion de pago
942 _6_
945 _acd
_d2015-06-03